| 000 | 01434cam a2200253 4500 | ||
|---|---|---|---|
| 001 | ABS63996 | ||
| 008 | 000000n2001 000 0 eng u | ||
| 035 | _a(Sirsi) u112693 | ||
| 100 | _aTinworth, A. | ||
| 245 | _aChoose onscreen money-spinners | ||
| 260 | _c2001 | ||
| 490 |
_aEstates Gazette _v(0119) 12 May 2001, 126-127(2) |
||
| 520 | _aLooks at the setting up, and nature of, three websites that aim to sell building investments: PrimePitch, and two new players UK-PiP (UK Property Investment Pages) and e-Property Investor. These firms all target the smaller investor, which West End agents do not have the time to nurture. UK-PiP sees its service as a marketing tool rather than as a business. Addressing the inexperience of its potential market it offers a simple tutorial on investing in commercial property, and prides itself on being easy to use. It costs £10,000 to join the site, and there is a listing charge of £300 per property. However, the agent listing the property does the deal, and the site receives no cut. Contrasts the approach of this site with that of E-Property Investor. | ||
| 590 | _aABS | ||
| 650 | _aPRIMEPITCH | ||
| 650 | _aUK PROPERTY INVESTMENT PAGES | ||
| 650 | _aE-PROPERTY INVESTOR | ||
| 650 | _aPROPERTY-COMMERCIAL PROPERTY | ||
| 650 | _aINVESTMENT PROPERTY | ||
| 650 | _aEBUSINESS | ||
| 650 | _aE-COMMERCE | ||
| 690 | _aINFORMATION TECHNOLOGY-INTERNET | ||
| 942 | _n0 | ||
| 999 |
_c67085 _d67085 |
||